Terkulai di jalanan

Bibliographic Details
Main Author: Ahadiat Akashah
Format: Book
Published: Kuala Lumpur : Syarikat Fajar , 2002
Subjects:

MARC

LEADER 00000cam a2200000 7i4500
001 0000061828
005 20160322.0
008 160322
020 |a 9789832669012 
090 0 0 |a AHA   |b MAL 
100 0 |a Ahadiat Akashah 
245 1 0 |a Terkulai di jalanan   |c Ahadiat Akashah 
260 |a Kuala Lumpur :   |b Syarikat Fajar ,   |c 2002 
300 |a 128p. 
650 0 |a Young adult fiction 
999 |a 000857719   |b Book   |c Adult Collection   |e Cawangan Muar